Právne aspekty životného prostredia
Guardado en:
| Autores principales: | , |
|---|---|
| Formato: | Libro |
| Lenguaje: | eslovaco |
| Publicado: |
Bratislava :
STU v Bratislave,
2003
|
| Edición: | 1. vyd. |
| Materias: | |
| Acceso en línea: | WWW |
| Etiquetas: |
Sin Etiquetas, Sea el primero en etiquetar este registro!
|
MARC
| LEADER | 00000nam a22000003a 4500 | ||
|---|---|---|---|
| 001 | stu81028 | ||
| 005 | 20221123092552.2 | ||
| 008 | 030617s2003----xo------------------slo-d | ||
| 020 | |a 80-227-1868-8 | ||
| 040 | |a STU |b slo | ||
| 041 | 0 | |a slo | |
| 044 | |a xo | ||
| 080 | |a 504 | ||
| 100 | 1 | |a Tureková, Ivana, |d 1960- |4 aut |u M5000 |U MTF Materiálovotechnologická fakulta |T MTF Ústav bezpečnosti, environmentu a kvality |X 207 |U M5000 |Y 85 |7 A000000207 | |
| 245 | 1 | |a Právne aspekty životného prostredia | |
| 250 | |a 1. vyd. | ||
| 260 | |a Bratislava : |b STU v Bratislave, |c 2003 | ||
| 300 | |a 131 s | ||
| 500 | |a e-skriptá | ||
| 650 | 7 | |a prostredie životné |2 stusub | |
| 650 | 7 | |a environmentalistika |2 stusub | |
| 700 | 1 | |a Cáliková, Emília |4 aut | |
| 856 | 4 | |a https://sweb.mtf.stuba.sk |u https://sweb.mtf.stuba.sk |3 WWW | |
| 996 | |b 284M056749 |c M*S-1096-3 |l MMKN |s A |a 24 |w stu81028_0001 | ||
| 996 | |b 284M056750 |c M*S-1096-4 |l MMKN |s A |a 24 |w stu81028_0002 | ||
| 996 | |b 284M056751 |c M*S-1096-5 |l MMKN |s A |a 24 |w stu81028_0003 | ||
| 996 | |b 284M056754 |c M*S-1096-8 |l MMKN |s A |a 24 |w stu81028_0004 | ||
| 996 | |b 284M056755 |c M*S-1096-9 |l MMKN |s A |a 24 |w stu81028_0005 | ||
| 996 | |b 284M056756 |c M*S-1096-10 |l MMKN |s A |a 24 |w stu81028_0006 | ||
| 996 | |b 284M056747 |c M*S-1096-1 |l MMST |s A |a 24 |w stu81028_0007 | ||
| 996 | |b 284M056748 |c M*S-1096-2 |l MMKN |s A |a 24 |w stu81028_0008 | ||
| 996 | |b 284M056752 |c M*S-1096-6 |l MMKN |s A |a 24 |w stu81028_0009 | ||
| 996 | |b 284M056753 |c M*S-1096-7 |l MMKN |s A |a 24 |w stu81028_0010 | ||
| 996 | |c M* DigP-8 |l M |s P |a 0 |w stu81028_0011 | ||